Normal view
MARC view
- Retinal vascular diseases
Entry Geographic Name
001 - CONTROL NUMBER
- control field: 126565
003 - CONTROL NUMBER IDENTIFIER
- control field: NUST
005 - DATE AND TIME OF LATEST TRANSACTION
- control field: 20241029112454.0
008 - FIXED-LENGTH DATA ELEMENTS
- fixed length control field: 241029|| aca||aabn | a|a d
040 ## - CATALOGING SOURCE
- Original cataloging agency: NUST
- Transcribing agency: NUST
151 ## - HEADING--GEOGRAPHIC NAME
- Geographic name: Retinal vascular diseases
- General subdivision: Imaging
- Form subdivision: Atlases
670 ## - SOURCE DATA FOUND
- Source citation: Work cat.: (NUST): Marashi, Ameen author. 126562, Atlas of fundus fluorescein angiography for approaching macular diseases :, 2024.
